000 00263nam a2200109Ia 4500
008 220204s9999 xx 000 0 und d
082 _a674.1
_bHAY
100 _aHaywards, Charles
245 0 _aCarpentry
260 _aKent
_bHodder and Stoughton
_c1973
942 _cBK
999 _c35237
_d35237